000 00865nam a2200229 i 4500
001 90658
003 ES-MaACL
005 20230906180525.0
007 t|
008 050124m19281929sp ||||1| spa d
100 1 _aLecène, Paul.
_971056
245 1 0 _aTerapeútica quirúrgica /
_cpor Paul Lecène y R. Leriche ; [con la colaboración de F. Lemaitre] ; traducción de Elias Ondiviela, [el 2º volumen traducido por Enrique Olaso Jordán y el 3º por Joaquín Salarich y Juan Vaurell].
260 _aBarcelona :
_b[s.n.,
_c1928-29] (
_fGalve)
300 _a3 v. ;
_c23 cm.
700 1 _aLeriche, R.
_971770
700 1 _aLemaitre, F.
_971453
700 1 _aOndiviela, Elias.
_987060
700 1 _aOlaso Jordán, Enrique.
_986668
700 1 _aSalarich Torrents, Joaquín.
_9101714
700 1 _aVaurell, Juan.
_9113322
852 _aES-MaACL
_jE-638-640
_bR.18679
999 _c90658
_d90658